Statistics for Least Borders - Asia

Click here to take the quiz!

General Stats

  • This quiz has been taken 57 times
  • The average score is 17 of 19

Answer Stats

No.borders Country % Correct
0Sri Lanka
100%
1South Korea
95%
0Maldives
95%
0Singapore
95%
0Taiwan
95%
0Japan
93%
1East Timor
91%
1Brunei
91%
1Qatar
89%
2Mongolia
84%
0Bahrain
84%
0Philippines
84%
2Yemen
84%
2Bhutan
82%
2Kuwait
82%
2Nepal
82%
0Cyprus
80%
2Lebanon
75%
2Bangladesh
73%

Score Distribution

Percentile by Number Answered

Percent of People with Each Score

Your Score History

You have not taken this quiz